000 00477nam a2200181Ia 4500
005 20250508161616.0
008 008 250505s9999 xx 000 0 hin d
037 _aTextual
040 _aFEDL
_beng
_cFEDL
041 _ahin
_2hin
084 _aFH, PRE
_qFEDL
100 _aPrem Chand
245 0 _aBetonvali vidhva aur anye kahaniyan
260 _aAllahabad, India
_bHans Prakashan
300 _a104p
942 _cTEXL
_hFH, PRE
999 _c1371100
_d1371100